00437nam a22001097a 4500003000400000082001700004100002400021245019100045260002500236300000800261650005800269SGT a617.84bC21K aKHAN, IMRAN MUSHTAQ aComparative Study Of High Intensity Interval Training And High Intensity Circuit Training On Agility Spees Strength And Cardiopolmonary Endurance In Aspiring State Level Cricket Players  aSGT UNIVERSITYc2021 a122 aComparative Study Of High Intensity Interval Training